LEADER 01508nam a2200337 a 4500 001 000000162812 003 CaOOAMICUS 005 20170920090136.0 008 170920s1994 it m 001 u ita r 032 $aLibriCat 040 $aPUL$bita 100 1 $aFlorio, Mario.$0(OLS)http://pul/name/50539 245 10$aDa Gesł Cristo alla Trinitą :$bpluralitą dei registri linguistici: dossologia, omologia, mito, narrazione /$cauctore Mario Florio. 260 $aRoma :$bPontificia Universitą Gregoriana,$c1994. 300 $a121 p. ;$c24 cm. 502 $aEstratto da tesi -- Pontificia Universitas Gregoriana. Facultas theologiae. 1994. 504 $aBibliografia in nota. 600 04$aIesus Christus.$0(OLS)http://pul/subject/207 650 4$aTrinitą.$0(OLS)http://pul/subject/2463 710 2 $aPontificia Universitą Gregoriana.$bFacoltą di teologia.$kTesi.$0(OLS)http://pul/name/81592 850 $aPUL 852 $aPUL$W1$xDP1 Tesi Pon. Univ. Gregoriana$y40$mTH PUG 4018$j186786$qTesi$B190031$CPULBib$Z2$F190031 $82 941 1 $a16 960 $aCristologia$9207 960 $aCristologia$9207 960 $aGesł Cristo$9207 960 $aTeologia trinitaria$92463 960 $aTeologia trinitaria$92463 996 $6245$aDa Gesł Cristo alla Trinitą :$bpluralitą dei registri linguistici: dossologia, omologia, mito, narrazione$9(OLS)http://pul/title/202557 996 $6260$aRoma :$bPontificia Universitą Gregoriana$9(OLS)http://pul/publisher/47853 LEADER 01371nam a2200313 a 4500 001 000000108500 003 CaOOAMICUS 005 20071127153414.0 008 071127s2007 it b 001 u ita d 020 $z978-88-420-8365-8* 040 $aPUL$bita$dLDB 100 1 $aAllam, Khaled Fouad.$0(OLS)http://pul/name/47882 245 10$aIslam /$cKhaled Fouad Allam, Claudio Lo Jacono, Alberto Ventura ; a cura di Giovanni Filoramo. 260 $aRoma ;$aBari :$bLaterza,$c2007. 300 $aviii, 426 p. ;$c21 cm. 490 1 $aEconomica Laterza ;$v437 504 $aContiene riferimenti bibliografici e indice 650 04$aIslam.$0(OLS)http://pul/subject/2044 650 04$aPostmodernismo$xAspetti sociali.$0(OLS)http://pul/subject/29842 700 1 $aVentura, Alberto.$0(OLS)http://pul/name/46607 700 1 $aFiloramo, Giovanni,$d1945-$0(OLS)http://pul/name/6760 700 1 $aLo Jacono, Claudio.$0(OLS)http://pul/name/66501 830 0$aEconomica Laterza ;$v437.$0(OLS)http://pul/title/39309 850 $aPUL 852 $aPUL$W1$xSL Religione 3$y85$m297 FILGI 1$j123656$qDDC 21$B122590$CPULBib$Z2$F122590 $H105596 $82 941 1 $a9 996 $6020$z978-88-420-8365-8*$9(OLS)http://pul/number/136399 996 $6245$aIslam$9(OLS)http://pul/title/102816 996 $6260$aRoma ;$aBari :$bLaterza$9(OLS)http://pul/publisher/57682